| 000 | 00951nas a2200277 4500 | ||
|---|---|---|---|
| 001 | BR0705832 | ||
| 003 | BR-BrBNA | ||
| 005 | 20231205111207.0 | ||
| 007 | ta | ||
| 008 | 230509b bl.|||p| |||| 00| 00por d | ||
| 040 |
_aBR-BrBNA _bpor _cBiblioteca Nacional de Agricultura |
||
| 041 | _a(Pt) | ||
| 072 | _aL72 | ||
| 100 | 1 | _aMello, E.B.F. de | |
| 100 | 1 | _aMaugê, G.C. de | |
| 100 | 1 | _aCampos, M.S. de | |
| 100 | 1 | _aRocha, U.F. | |
| 100 | 1 | _aPorto, A.D. | |
| 245 | 1 | _aDistribuição de Helmintos do gênero Ascocotyle Loss 1899 (Trematoda Fascioloidea - Heterophydae -Ascocoty- Linae)no tubo gastrintestinal de cão | |
| 650 | _aCÃO | ||
| 650 | _aHELMINTO GASTRINTESTINAL | ||
| 650 | _aPARASITO | ||
| 773 | 0 |
_tRevista da Faculdade de Medicina Veterinária e Zootecnia da Universidade de São Paulo (Brazil) _xISSN 0303-7525 _g(1977), v. 14(2) p. 239-242 _wBR0705832 |
|
| 909 |
_a202311 _bLúcia _c55 _dLúcia Elande |
||
| 942 |
_2AGRIS _n0 _cANA |
||
| 999 |
_c191260 _d191260 |
||